Из дневников кругосветного путешествия (по Корее, Маньчжурии и Ляодунскому полуострову) (Запись № 9432928)

Подробности
000 -МАРКЕР
контрольное поле 02014nam0a22003611 4500
001 - ИДЕНТИФИКАТОР ЗАПИСИ
контрольное поле rc\4091284
005 - ИДЕНТИФИКАТОР ВЕРСИИ
контрольное поле 20130415161022.3
021 ## - НОМЕР ГОСУДАРСТВЕННОЙ РЕГИСТРАЦИИ
Код страны Российская Федерация
Номер [49-20953]
035 ## - ДРУГИЕ СИСТЕМНЫЕ НОМЕРА
Идентификатор записи (NLR Aleph) 008132510
100 ## - ДАННЫЕ ОБЩЕЙ ОБРАБОТКИ
Данные общей обработки 20130415d1949 |||y0rusy50 ca
101 0# - ЯЗЫК РЕСУРСА
Язык текста, звукозаписи и т.д. русский
102 ## - СТРАНА ПУБЛИКАЦИИ ИЛИ ПРОИЗВОДСТВА
Страна публикации Российская Федерация
105 ## - ПОЛЕ КОДИРОВАННЫХ ДАННЫХ: ТЕКСТОВЫЕ МАТЕРИАЛЫ, МОНОГРАФИЧЕСКИЕ
Кодированные данные о монографическом текстовом документе ab z |||||
200 1# - ЗАГЛАВИЕ И СВЕДЕНИЯ ОБ ОТВЕТСТВЕННОСТИ
Основное заглавие Из дневников кругосветного путешествия (по Корее, Маньчжурии и Ляодунскому полуострову)
Первые сведения об ответственности [Под ред., со вступ. статьей "Н.Г. Гарин-Михайловский и его путешествие вокруг света", с. 3-36 и коммент. В.Т. Зайчикова]
205 ## - СВЕДЕНИЯ ОБ ИЗДАНИИ
Сведения об издании Сокр. изд.
210 ## - ПУБЛИКАЦИЯ, РАСПРОСТРАНЕНИЕ И ДР.
Место издания, распространения и т.д. Москва
Имя издателя, распространителя и т. д. Гос. изд-во геогр. лит.
Дата издания, распространения и т.д. 1949
Имя изготовителя 6-я тип. Главполиграфиздата
215 ## - ФИЗИЧЕСКАЯ ХАРАКТЕРИСТИКА
Специфическое обозначение материала и объем 404 с., 4 л. ил.
Другие сведения о физической характеристике ил., карт.
Размеры 21
300 ## - ОБЩИЕ ПРИМЕЧАНИЯ
Текст примечания Перед загл. авт.: Н.Г. Гарин
327 0# - ПРИМЕЧАНИЯ О СОДЕРЖАНИИ
Текст примечания В кн. также: Корейский фольклор. [Тексты]
464 #0 - АНАЛИТИЧЕСКИЙ УРОВЕНЬ
Встроенное поле 2001#$aКорейский фольклор$e[Тексты]
604 ## - ИМЯ И ЗАГЛАВИЕ КАК ПРЕДМЕТ
Связываемые данные 50010$aН.Г. Гарин-Михайловский и его путешествие вокруг света
-- 700#1$aЗайчиков$bВ.Т.$gВладимир Тимофеевич
606 ## - НАИМЕНОВАНИЕ ТЕМЫ КАК ПРЕДМЕТ
Наименование темы Морские путешествия, кругосветные, русские
Хронологический подзаголовок 19 в.
Формальный подзаголовок Воспоминания и записки
Код системы psbo
606 ## - НАИМЕНОВАНИЕ ТЕМЫ КАК ПРЕДМЕТ
Наименование темы Корейский фольклор
Код системы psbo
607 ## - ГЕОГРАФИЧЕСКОЕ НАИМЕНОВАНИЕ КАК ПРЕДМЕТ
Географическое наименование Маньчжурия
Тематический подзаголовок Путешествия
Код системы psbo
607 ## - ГЕОГРАФИЧЕСКОЕ НАИМЕНОВАНИЕ КАК ПРЕДМЕТ
Географическое наименование Корея
Тематический подзаголовок Путешествия
Код системы psbo
700 #1 - ИМЯ ЛИЦА - ПЕРВИЧНАЯ ОТВЕТСТВЕННОСТЬ
Начальный элемент ввода Гарин-Михайловский
Часть имени, кроме начального элемента ввода Н. Г.
Даты 1852-1906
Расширение инициалов личного имени Николай Георгиевич
702 #1 - ИМЯ ЛИЦА - ВТОРИЧНАЯ ОТВЕТСТВЕННОСТЬ
Начальный элемент ввода Зайчиков
Часть имени, кроме начального элемента ввода В. Т.
Расширение инициалов личного имени Владимир Тимофеевич
Код отношения Редактор
-- Автор введения, предисловия, примечания и т.п.
-- Комментатор печатного текста
801 #0 - ИСТОЧНИК ЗАПИСИ
Страна Российская Федерация
Организация NLR
Правила каталогизации psbo
801 #1 - ИСТОЧНИК ЗАПИСИ
Страна Российская Федерация
Организация ELAR
Источник данных rusmarc
852 ## - МЕСТОНАХОЖДЕНИЕ И ШИФР ХРАНЕНИЯ
Идентификатор организации NLR
Шифр хранения (Call Number) Г02 Г-3/56
942 ## - ДОПОЛНИТЕЛЬНЫЕ ЭЛЕМЕНТЫ ЗАПИСИ (АБИС)
Тип экземпляра АБИС Книга
980 ## - КОЛЛЕКЦИЯ
Название коллекции Национальная библиография
Экземпляры
Тип экземпляра Дата поступления Библиотека постоянного хранения Библиотека текущего хранения Место хранения Шифр хранения Штрих-код Статус экземпляра
Книга 26.10.2013 РНБ (Садовая) РНБ (Садовая) Русский книжный фонд -Главное здание, Ленинский читальный зал Г02 Г-3/56 8132510-10